| 000 | 00523nam a2200193Ia 4500 | ||
|---|---|---|---|
| 005 | 20230426072114.0 | ||
| 008 | 230125s9999 xx 000 0 und d | ||
| 020 | _a81-89535-51-X | ||
| 041 | _aeng | ||
| 082 |
_a920.71 _bYOG |
||
| 100 |
_aYogananda P _9107579 |
||
| 245 | _aAutobiography of A Yogi | ||
| 260 |
_c2012 _bYogoda Satsanga Society of India _aKolkata |
||
| 300 | _a508p | ||
| 500 | _aBiography;Biography-Men | ||
| 650 |
_aBiography;Biography-Men _9119155 |
||
| 700 |
_aYogananda P _9107579 |
||
| 942 | _cBK | ||
| 999 |
_c94572 _d94572 |
||